000 00307nam a22001217a 4500
082 _a823
_bPAI/K
100 _aPAI, ANAND
245 _aKARTTIKEYA: A SON OF SHIVA
246 _aKARTTIKEYA: A SON OF SHIVA
_bKARTTIKEYA: A SON OF SHIVA
260 _aMUMBAI
_bAMARCHITHRA KATHA
_c2022
300 _a31
942 _cBK
999 _c8622
_d8622